[Event "Teteven op 29th"]
[Site "Teteven"]
[Date "2014.08.16"]
[Round "8"]
[White "Evstatiev, Georgi"]
[Black "Ivanova, Simoneta"]
[Result "1-0"]
[WhiteElo "2164"]
[BlackElo "2028"]
[PlyCount "51"]
[EventDate "2014.08.09"]
[EventType "swiss"]
[EventRounds "9"]
[EventCountry "BUL"]
[SourceTitle "CBM 162 Extra"]
[Source "ChessBase"]
[SourceDate "2014.10.17"]
[SourceVersion "1"]
[SourceVersionDate "2014.10.17"]
[SourceQuality "1"]

1. Nf3 d5 2. d4 Nf6 3. c4 dxc4 4. Qa4+ Nc6 5. Qxc4 g6 6. Nc3 Bg7 7. e4 0-0 8. Bf4 Nh5 9. Be3 e5 10. d5 Ne7 11. Rd1 a6 12. Bc5 Re8 13. Ng5 Nxd5 14. h4 c6 15. exd5 b5 16. Qb3 Bg4 17. Be2 Bxe2 18. Nxe2 Nf4 19. dxc6 Qf6 20. Rd7 Red8 21. Nxf4 Rxd7 22. cxd7 exf4 23. 0-0 h6 24. Nxf7 Qxf7 25. Be7 Qxb3 26. axb3 1-0

[Event "EU-ch (Women) 15th"]
[Site "Plovdiv"]
[Date "2014.07.12"]
[Round "7"]
[White "Ivanova, Simoneta"]
[Black "Tsolakidou, Stavroula"]
[Result "0-1"]
[WhiteElo "2038"]
[BlackElo "2157"]
[PlyCount "74"]
[EventDate "2014.07.06"]
[EventType "swiss"]
[EventRounds "11"]
[EventCountry "BUL"]
[SourceTitle "CBM 162"]
[Source "ChessBase"]
[SourceDate "2014.09.17"]
[SourceVersion "1"]
[SourceVersionDate "2014.09.17"]
[SourceQuality "1"]

1. d4 d5 2. c4 e6 3. Nc3 c5 4. cxd5 exd5 5. Nf3 Nc6 6. g3 Nf6 7. Bg2 Be7 8. 0-0 0-0 9. dxc5 Bxc5 10. Na4 Be7 11. Be3 Bg4 12. Bc5 Re8 13. Re1 Qd7 14. Rc1 Bd8 15. a3 Bh3 16. Bh1 Ne4 17. b4 Bf6 18. b5 Nd8 19. b6 Qf5 20. bxa7 Ne6 21. Bb6 d4 22. Nb2 Bg5 23. e3 Bg4 24. Nd3 Nc3 25. Rxc3 dxc3 26. Nde5 Bd8 27. e4 Qh5 28. Be3 Bxf3 29. Nxf3 Qa5 30. Qb3 Be7 31. Rc1 Rec8 32. Qxb7 Bc5 33. Bxc5 Qxc5 34. e5 Rxa7 35. Qe4 Rxa3 36. Nh4 Ra2 37. Qf5 Nd4 0-1

[Event "EU-ch (Women) 15th"]
[Site "Plovdiv"]
[Date "2014.07.11"]
[Round "6"]
[White "Wagner, Dinara"]
[Black "Ivanova, Simoneta"]
[Result "1-0"]
[WhiteElo "2225"]
[BlackElo "2038"]
[PlyCount "41"]
[EventDate "2014.07.06"]
[EventType "swiss"]
[EventRounds "11"]
[EventCountry "BUL"]
[SourceTitle "CBM 162"]
[Source "ChessBase"]
[SourceDate "2014.09.17"]
[SourceVersion "1"]
[SourceVersionDate "2014.09.17"]
[SourceQuality "1"]

1. Nf3 d5 2. c4 d4 3. b4 f6 4. e3 c5 5. exd4 cxd4 6. c5 e5 7. Bc4 Nh6 8. d3 g6 9. Qb3 Qc7 10. 0-0 a5 11. Na3 axb4 12. Nb5 Qxc5 13. Nfxd4 exd4 14. Bf4 Na6 15. Rac1 Qf5 16. Bxh6 Nc5 17. Qb2 Bxh6 18. Nd6+ Kf8 19. Nxf5 Bxc1 20. Qxd4 Bxf5 21. Qxf6+ 1-0

[Event "EU-ch (Women) 15th"]
[Site "Plovdiv"]
[Date "2014.07.07"]
[Round "2"]
[White "Dragomirescu, Angela"]
[Black "Ivanova, Simoneta"]
[Result "1-0"]
[WhiteElo "2251"]
[BlackElo "2038"]
[PlyCount "91"]
[EventDate "2014.07.06"]
[EventType "swiss"]
[EventRounds "11"]
[EventCountry "BUL"]
[SourceTitle "CBM 162"]
[Source "ChessBase"]
[SourceDate "2014.09.17"]
[SourceVersion "1"]
[SourceVersionDate "2014.09.17"]
[SourceQuality "1"]

1. d4 Nf6 2. c4 e6 3. Nc3 Bb4 4. e3 c5 5. Nge2 cxd4 6. exd4 0-0 7. a3 Be7 8. Nf4 d6 9. Be2 e5 10. Nfd5 Nc6 11. Nxe7+ Qxe7 12. Be3 exd4 13. Bxd4 Ne4 14. Nd5 Qg5 15. 0-0 Bh3 16. Bf3 Nxd4 17. Bxe4 Nc6 18. f4 Qg4 19. Qd3 f5 20. Bf3 Qg6 21. Nc7 Rac8 22. Bd5+ Kh8 23. Ne6 Rf6 24. Qxh3 Rxe6 25. Bxe6 Qxe6 26. Qd3 Qf6 27. Rad1 Rd8 28. b4 Ne7 29. Rfe1 h6 30. Qe3 Ng6 31. g3 Kh7 32. Qd3 Qf7 33. Qd5 Qf6 34. Re6 Qf8 35. Qxb7 a5 36. Qd5 axb4 37. axb4 Ra8 38. Qxd6 Qf7 39. b5 Nf8 40. Re7 Qh5 41. Qd4 Qg4 42. Ra1 Rxa1+ 43. Qxa1 Qg6 44. c5 Ne6 45. Qa6 Qf6 46. Qxe6 1-0

[Event "EU-ch (Women) 15th"]
[Site "Plovdiv"]
[Date "2014.07.06"]
[Round "1"]
[White "Ivanova, Simoneta"]
[Black "Cosma, Elena Luminita"]
[Result "0-1"]
[WhiteElo "2038"]
[BlackElo "2344"]
[PlyCount "88"]
[EventDate "2014.07.06"]
[EventType "swiss"]
[EventRounds "11"]
[EventCountry "BUL"]
[SourceTitle "CBM 162"]
[Source "ChessBase"]
[SourceDate "2014.09.17"]
[SourceVersion "1"]
[SourceVersionDate "2014.09.17"]
[SourceQuality "1"]

1. d4 d5 2. c4 e6 3. Nf3 Nf6 4. g3 dxc4 5. Bg2 a6 6. 0-0 b5 7. Ne5 Nd5 8. a4 Bb7 9. axb5 axb5 10. Rxa8 Bxa8 11. e4 Nf6 12. Nc3 c6 13. d5 Bd6 14. Ng4 e5 15. Bg5 b4 16. Na4 cxd5 17. Bxf6 gxf6 18. exd5 Bb7 19. Ne3 Ba6 20. Qg4 Nd7 21. Qg7 Rf8 22. Rc1 Qa5 23. Nf5 Bb8 24. b3 cxb3 25. Qxh7 Qxa4 26. Ng7+ Kd8 27. Ne6+ Ke7 28. Nxf8 Nxf8 29. Qe4 b2 30. Rb1 Bd6 31. h4 Qb3 32. Bf1 Bxf1 33. Kxf1 Nd7 34. Qe2 Qxd5 35. f3 Nc5 36. Rxb2 Ne6 37. h5 Nd4 38. Qe4 Qxe4 39. fxe4 Kf8 40. Ra2 b3 41. Ra6 Bb4 42. Rb6 Nc6 43. Rxc6 b2 44. Rc8+ Kg7 0-1

[Event "BUL-ch (Women) 63rd"]
[Site "Kozloduy"]
[Date "2014.05.18"]
[Round "9"]
[White "Ivanova, Simoneta"]
[Black "Radeva, Viktoria"]
[Result "0-1"]
[WhiteElo "2079"]
[BlackElo "1906"]
[PlyCount "80"]
[EventDate "2014.05.10"]
[EventType "tourn"]
[EventRounds "9"]
[EventCountry "BUL"]
[SourceTitle "CBM 160 Extra"]
[Source "ChessBase"]
[SourceDate "2014.07.01"]
[SourceVersion "1"]
[SourceVersionDate "2014.07.01"]
[SourceQuality "1"]

1. d4 Nf6 2. c4 g6 3. Nc3 Bg7 4. e4 d6 5. Nf3 0-0 6. h3 e5 7. d5 Nh5 8. g3 Qe8 9. Be2 f5 10. exf5 gxf5 11. Nh4 Nf6 12. Qc2 Na6 13. Rg1 c6 14. dxc6 bxc6 15. Nxf5 Bxf5 16. Qxf5 Nb4 17. a3 Nfd5 18. Qb1 Nxc3 19. bxc3 Qf7 20. Be3 Na6 21. Qe4 d5 22. cxd5 cxd5 23. Qg4 Nc7 24. f3 Kh8 25. Rc1 Rfe8 26. Kf2 Ne6 27. Kg2 d4 28. Bf2 Bh6 29. Kh1 Bxc1 30. Rxc1 Rac8 31. c4 Nc5 32. Rd1 Rg8 33. Qh4 d3 34. Kg2 dxe2 35. Rd5 Rcf8 36. f4 Ne4 37. Rxe5 Nxf2 38. Re7 Qxe7 39. Qxe7 Re8 40. Qf6+ Rg7 0-1

[Event "BUL-ch (Women) 63rd"]
[Site "Kozloduy"]
[Date "2014.05.15"]
[Round "6"]
[White "Baninska, Tanja"]
[Black "Ivanova, Simoneta"]
[Result "0-1"]
[WhiteElo "2029"]
[BlackElo "2079"]
[PlyCount "128"]
[EventDate "2014.05.10"]
[EventType "tourn"]
[EventRounds "9"]
[EventCountry "BUL"]
[SourceTitle "CBM 160 Extra"]
[Source "ChessBase"]
[SourceDate "2014.07.01"]
[SourceVersion "1"]
[SourceVersionDate "2014.07.01"]
[SourceQuality "1"]

1. d4 Nf6 2. Nf3 e6 3. Bg5 c5 4. c3 h6 5. Bh4 b6 6. Nbd2 Bb7 7. e3 cxd4 8. exd4 Be7 9. Bd3 d6 10. 0-0 Nbd7 11. Re1 0-0 12. h3 Nh5 13. Bxe7 Qxe7 14. Be4 Ndf6 15. Bxb7 Qxb7 16. Nc4 Rfd8 17. Nfd2 Rac8 18. Ne3 e5 19. dxe5 dxe5 20. Qc2 Nf4 21. Rad1 Nd3 22. Re2 Nh5 23. Ndf1 Nhf4 24. Red2 e4 25. Ng3 g6 26. Ne2 Ne6 27. Nc1 Nef4 28. Nxd3 exd3 29. Qa4 g5 30. g3 Ne2+ 31. Kh2 Qf3 32. Rf1 Nxg3 33. fxg3 Qxe3 34. Rff2 Rc7 35. Qg4 Rd5 36. Qf3 Qxf3 37. Rxf3 Re7 38. Kg1 Re2 39. Rf2 Re3 40. Kg2 Kg7 41. Rf3 Re2+ 42. Rf2 Re7 43. Rf3 Red7 44. g4 Kg6 45. Kf2 f5 46. c4 Rd4 47. gxf5+ Kf6 48. b3 Rf4 49. Kg3 Rxf3+ 50. Kxf3 Kxf5 51. Ke3 h5 52. Rf2+ Ke5 53. Kd2 g4 54. Rf8 g3 55. Rh8 g2 56. Rg8 Rf7 57. Rxg2 Ke4 58. a3 Rf3 59. h4 Rh3 60. Rg7 Rh2+ 61. Kd1 Kd4 62. Rd7+ Kc3 63. Ke1 Kc2 64. b4 d2+ 0-1

[Event "BUL-ch (Women) 63rd"]
[Site "Kozloduy"]
[Date "2014.05.14"]
[Round "5"]
[White "Ivanova, Simoneta"]
[Black "Videnova, Iva"]
[Result "0-1"]
[WhiteElo "2079"]
[BlackElo "2323"]
[PlyCount "170"]
[EventDate "2014.05.10"]
[EventType "tourn"]
[EventRounds "9"]
[EventCountry "BUL"]
[SourceTitle "CBM 160 Extra"]
[Source "ChessBase"]
[SourceDate "2014.07.01"]
[SourceVersion "1"]
[SourceVersionDate "2014.07.01"]
[SourceQuality "1"]

1. d4 Nf6 2. Nf3 g6 3. Bf4 Bg7 4. e3 d6 5. h3 0-0 6. Be2 c5 7. c3 Qb6 8. Qb3 Be6 9. Qxb6 axb6 10. a3 Bd5 11. Nbd2 Bc6 12. 0-0 Nbd7 13. Bh2 b5 14. Bd3 Rfd8 15. e4 d5 16. e5 Ne4 17. Rfe1 Nxd2 18. Nxd2 cxd4 19. cxd4 Ra4 20. Nf3 e6 21. Bc2 Ra6 22. Bf4 Rda8 23. Bd2 Bf8 24. Rab1 Rb6 25. Re3 b4 26. axb4 Bxb4 27. Bc3 Bxc3 28. bxc3 Ra2 29. Bd3 Ra3 30. Rxb6 Nxb6 31. Be2 Ra1+ 32. Kh2 Rc1 33. Nd2 Rc2 34. Nb1 Na4 35. c4 dxc4 36. Na3 Ra2 37. Nxc4 Bb5 38. Nb6 Bxe2 39. Nxa4 Rxa4 40. Rxe2 Rxd4 41. Rb2 Rd7 42. Kg3 Kf8 43. Kf4 h6 44. h4 Ke8 45. Rb4 Kd8 46. Kg4 Kc7 47. h5 Kc6 48. f4 b5 49. Rb1 Rd8 50. hxg6 fxg6 51. Kf3 h5 52. g4 h4 53. Ke4 h3 54. Rc1+ Kd7 55. Rd1+ Ke7 56. Rh1 Rh8 57. Kd4 Rh4 58. Kc5 Rxg4 59. Rxh3 Rxf4 60. Rh7+ Rf7 61. Rh6 Rg7 62. Kxb5 g5 63. Rh3 g4 64. Rg3 Rg5 65. Kc6 Rxe5 66. Rxg4 Rd5 67. Rf4 Rd1 68. Kc5 e5 69. Re4 Ke6 70. Kc4 Kf5 71. Re2 e4 72. Rf2+ Kg4 73. Rf8 e3 74. Re8 Kf3 75. Rf8+ Kg2 76. Re8 Kf2 77. Rf8+ Ke1 78. Kc3 Rd7 79. Re8 e2 80. Kc2 Rc7+ 81. Kb2 Rf7 82. Rh8 Kf2 83. Rh2+ Kf1 84. Rh1+ Kg2 85. Re1 Kf2 0-1